XO, Kitty - Les personnages de la série - Statistiques

Statistiques générales
  • Ce quiz a été pris 425 fois
  • Le résultat moyen est 7 sur 12
Statistiques - réponses
Par images Réponse % Correct
Kitty
100%
Min-ho
92%
Dae
91%
Yuri
81%
Q
80%
Juliana
60%
Madison
52%
Alex
48%
Florian
40%
Professeur Lee
22%
Mr Kim
9%
Directrice Ji-na
2%
Aucun quiz correspondant
Distribution des résultats
% des personnes avec chaque résultat
Percentile par nombre de réponses
Votre historique - résultats
Vous n’avez pas pris ce quiz